|
|
|
|
| LEADER |
00000cam a22000007a 4500 |
| 001 |
24080 |
| 003 |
CZ-ZlUTB |
| 005 |
20190825234619.0 |
| 008 |
050707s1991 xr |||||r|||||||||||cze|d |
| 020 |
|
|
|a 8090023827
|q (brož.)
|
| 040 |
|
|
|a ABA001
|b cze
|c ABA001
|d ZLD002
|
| 041 |
1 |
|
|a cze
|
| 072 |
|
7 |
|a 613
|x Hygiena. Lidské zdraví
|2 Konspekt
|9 14
|
| 080 |
|
|
|a 130.1/.3
|2 v
|
| 080 |
|
|
|a 613.2
|2 v
|
| 100 |
1 |
|
|a Kushi, Michio,
|d 1926-2014
|7 jn19990004757
|4 aut
|
| 245 |
1 |
0 |
|a Makrobiotika - řád vesmíru /
|c Michio Kushi ; [Z angl.] přel. a dodatek k čes. vyd. zprac. Jarmila Průchová
|
| 250 |
|
|
|a 1. čes. vyd.
|
| 260 |
|
|
|a Praha :
|b Svítání,
|c 1991
|
| 300 |
|
|
|a 52 s. :
|b il. ;
|c 20 cm
|
| 490 |
1 |
|
|a Monáda
|
| 650 |
0 |
7 |
|a makrobiotika
|7 ph122571
|2 czenas
|
| 650 |
0 |
7 |
|a stravování
|7 ph182426
|2 czenas
|
| 650 |
0 |
7 |
|a výživa člověka
|7 ph127487
|2 czenas
|
| 700 |
1 |
|
|a Průchová, Jarmila,
|d 1928-
|7 jn19990209694
|4 trl
|
| 830 |
|
0 |
|a Monáda
|
| 910 |
|
|
|a ZLD002
|
| 952 |
|
|
|0 0
|1 0
|4 0
|6 61KUSHIM
|7 0
|8 BOOK
|9 45166
|a UTBZL
|b UTBZL
|c 006
|d 2006-07-29
|l 4
|o 61/KUSHI,M.
|p 420010085555
|r 2019-08-25 00:00:00
|v 16.00
|w 2019-08-25
|x N:převod - VVŠPV Vyškov | 20100831
|y 04
|
| 992 |
|
|
|a BK
|b SK
|d 4
|
| 999 |
|
|
|c 24080
|d 24080
|